Score 0/20 Timer 04:00
0 Plays Today
Species Pirate % Correct
GrarrlGooblah the Grarrl
95.7%
TechoFranchisco Corvallio
91.3%
TechoFederismo Corvallio
87%
BlumarooScurvy Dan the Blade
80.4%
LupeBuck Cutlass
76.1%
KyriiLucky McKyriggan
69.6%
ChombyAdmiral Blackbeard
69.6%
MeercaYoung Sproggie
67.4%
BlumarooStuff-A-Roo
63%
BruceOrvinn the First Mate
60.9%
Species Pirate % Correct
NimmoBonnie Pip Culliford
58.7%
KacheekPuffo the Waister
58.7%
GrarrlOl' Stripey
58.7%
ScorchioThe Tailhook Kid
58.7%
GrarrlNed the Skipper
56.5%
TechoSir Edmund Ogletree
54.3%
ChiaSquire Venable
47.8%
BruceCaptain Crossblades
47.8%
ElephantePeg Leg Percival
45.7%
TuskaninnyFairfax the Deckhand
45.7%
Remove Ads.
Support Sporcle.
Get the best of Sporcle when you Go Orange. This ad-free experience offers more features, more stats, and more fun while also helping to support Sporcle. Thank you for becoming a member.

You're not logged in!

Compare scores with friends on all Sporcle quizzes.
OR
Log In

Show Comments

Extras

Top Quizzes Today


Score Distribution

Your Account Isn't Verified!

In order to create a playlist on Sporcle, you need to verify the email address you used during registration. Go to your Sporcle Settings to finish the process.

Report this User

Report this user for behavior that violates our Community Guidelines.

Details: